Statistics for Chapter 1 Characters in Touhou Lostword

Click here to take the quiz!

General Stats

  • This quiz has been taken 10 times
  • The average score is 4 of 6

Answer Stats

HintAnswer% Correct
Ice Fairy of the LakeCirno
100%
Deified Human of the WindSanae Kochiya
89%
Gorgeous Student PresidentYukari Yakumo
67%
Unparalleled Head PrefectKasen Ibaraki
56%
Student Leader Behind the ScenesOkina Matara
56%
Vanishing Go-Home Club PresidentSuika Ibuki
56%

Score Distribution

Percentile by Number Answered

Percent of People with Each Score

Your Score History

You have not taken this quiz